01083cam a2200253 a 4500001000800000005001700008008004100025020001600066040001800082082002300100245013000123260015200253300001900405500015300424650001000577650002500587650001000612700003300622700003700655700002300692942000600715952009500721999001300816206679820240227030030.0930901s1993 ke b 100 0 eng  a9966410546  aDLCcDLCdDLC00a323.334.220bDEM.00aDemocratic change in Africa :bwomen's perspective /ceditors, Wanjiku Mukabi-Kabira, Jacqueline Adhiambo-Oduol, Maria Nzomo. aNairobi, Kenya :bAssociation of African Women for Research and Development :bACTS Gender Institute, African Centre for Technology Studies,c1993. aviii, 147 p. ; a"Papers ... presented at a seminar held by the Association of African Women for Research and Development ... January 31 to February 1, 1992"--Cover. 0aWomen 0aWomen in development 0aWomen1 aKabira, Wanjiku Mukabi.eedt2 aAdhiambo-Oduol, Jacqueline.eedt1 aNzomo, Maria.eedt cL 001040708LaWERCLbWERCLd2024-02-27l0o323.334. DEM.p3165r2024-02-27w2024-02-27yL c497d497